000 00415nam a2200145 i 4500
001 bg
100 1 _aCZACHOROWSKI, Józef
245 0 _aProblemy sterowania procesem inwestycyjno-budowlanym z przykładami zastosowania :
_brozprawa /
_cJ. Czachorowski.
260 _aZielona Góra,
_c1982.
040 _cBPK
041 _apol
080 _a69:338.22:51
942 _cKS
008 s pl f |000 0 pol
999 _c28311
_d28311
856 _uhttp://koha.tu.koszalin.pl/cgi-bin/koha/opac-detail.pl?biblionumber=28311
_yKatalog online BPK